00419nam a22001337a 450000500170000000800410001704100130005808200140007110000300008524500650011526000470018030000320022765000260025920231115074418.0231115b |||||||| |||| 00| 0 eng d aEnglish  a344.4 DEV aDe Villiers, M lEnglish  aThe Roman and Roman-Dutch Law of Injuries / cM De Villiers  aCape Town : bJuta and Company Ltd, c1899 bxlii, 327 pages ; c23 cm.  aLegal practice bLaw